00950nam a22002417a 450000500170000001000130001702000230003003500130005303700160006604000120008208200130009410000250010724500740013226000440020627000580025030000240030865000280033265000320036094200220039299900190041495201410043395201340057420170124110220.0 aB-031029 c675.00a8170002702 aB-031029 bCen Lib/Ret aDPLbEN a025bBAJ aBajpai, S.K. 939753 aPreservation and management of library collections /cby S.K. Bajpai  aNew Delhi bEss Ess Publications c1999 a4837/24, ansari road, dariya ganjbNew Delhi e110002 avi, 322p.c21cm(Hb) aLibrary science 939754 aPreservation policy 939755 2ddccENh025mBAJ c134089d134089 00102ddc4070aLbLd2015-07-28eCen Lib/Retg675.00l2o025 BAJpB-031029r2021-10-28 00:00:00s2021-09-21t1v675.00w2015-07-28yEN 00102ddc40718REFaLbLd2016-12-01eCen Lib/Retg675.00l0o025 BAJpB-031030r2016-12-01 00:00:00t2v675.00w2016-12-01yEN